000 00327nam a22001457a 4500
008 230621b ||||| |||| 00| 0 eng d
020 _a9781111579029
041 _aeng
080 _2THIRD EDITION
_a51
082 _a51AUF
100 _a22
101 _aMATE
245 _aMATHEMATICAL EXCURSIONS
_cAUFMANN
942 _2udc
_cBK
999 _c60015
_d60015